Statistiche per Marcatori della Juventus in UEFA Europa League 2013-2014

Clicka qui per fare il quiz!

Statistiche generali

  • Questo quiz è stato fatto 2 volte
  • Il punteggio medio è 6 su 9

Statistiche sulle risposte

PartitaMinutoMarcatore% Corretto
Fiorentina - Juventus 0-171'Andrea Pirlo
100%
Juventus - Olympique Lione 2-14'Andrea Pirlo
100%
Benfica - Juventus 2-173'Carlos Tévez
100%
Olympique Lione - Juventus 0-185'Leonardo Bonucci
100%
Juventus - Trabzonspor 2-094'Paul Pogba
100%
Trabzonspor - Juventus 0-216'Arturo Vidal
50%
Juventus - Fiorentina 1-13'Arturo Vidal
50%
Juventus - Trabzonspor 2-016'Pablo Osvaldo
0%
Trabzonspor - Juventus 0-233'Pablo Osvaldo
0%

Distribuzione punteggi

Percentile per numero di risposta

Percentuale di utenti per punteggio

I tuoi punteggi nel tempo

Non hai fatto questo quiz